[Event "Pula tt2"]
[Site "Pula"]
[Date "1990.??.??"]
[Round "4"]
[White "Doljanin, Tomislav"]
[Black "Mihevc, Ivo"]
[Result "1-0"]
[WhiteElo "2240"]
[BlackElo "2235"]
[PlyCount "107"]
[EventDate "1990.??.??"]
[EventType "team"]
[EventRounds "11"]
[EventCountry "YUG"]
[SourceTitle "EXT 2000"]
[Source "ChessBase"]
[SourceDate "1999.11.16"]
[SourceVersion "1"]
[SourceVersionDate "1999.11.16"]
[SourceQuality "1"]

1. d4 Nf6 2. Nc3 d5 3. Bg5 Nbd7 4. e3 g6 5. Qf3 c6 6. Bd3 Bg7 7. Nge2 0-0 8. e4 dxe4 9. Nxe4 Nxe4 10. Bxe4 Nf6 11. Bxf6 Bxf6 12. 0-0-0 Qb6 13. h4 c5 14. c3 cxd4 15. Nxd4 Bd7 16. Kb1 Ba4 17. Bc2 Bxc2+ 18. Nxc2 Rac8 19. Rd3 Rfd8 20. Rxd8+ Rxd8 21. Kc1 Qd6 22. h5 Qd2+ 23. Kb1 b5 24. a3 a5 25. hxg6 hxg6 26. Qe3 Qd5 27. f3 Qb7 28. Qe2 Rd5 29. Rd1 Qd7 30. Ne3 Rxd1+ 31. Qxd1 Qxd1+ 32. Nxd1 Kf8 33. a4 bxa4 34. Ka2 Be5 35. Ka3 Bc7 36. Kxa4 e5 37. Kb5 Ke7 38. Kc6 Bd8 39. Kd5 f6 40. c4 Kd7 41. Nc3 Bc7 42. c5 f5 43. b3 g5 44. Nb5 Bb8 45. c6+ Kd8 46. Na3 e4 47. fxe4 fxe4 48. Kxe4 Kc7 49. Kd5 Kb6 50. g4 Bf4 51. Nc4+ Kb5 52. Nd6+ Kb6 53. Ne4 Kb5 54. Nxg5 1-0

[Event "Pula tt2"]
[Site "Pula"]
[Date "1990.??.??"]
[Round "8"]
[White "Doljanin, Tomislav"]
[Black "Petrovic, Vojislav"]
[Result "1/2-1/2"]
[WhiteElo "2240"]
[BlackElo "2280"]
[PlyCount "117"]
[EventDate "1990.??.??"]
[EventType "team"]
[EventRounds "11"]
[EventCountry "YUG"]
[SourceTitle "EXT 2000"]
[Source "ChessBase"]
[SourceDate "1999.11.16"]
[SourceVersion "1"]
[SourceVersionDate "1999.11.16"]
[SourceQuality "1"]

1. d4 c5 2. d5 e5 3. e4 d6 4. Nc3 Be7 5. f4 Bf6 6. f5 Bg5 7. Nf3 Bxc1 8. Qxc1 Nf6 9. Qg5 Kf8 10. Be2 a6 11. a4 b6 12. 0-0 Nbd7 13. Nd2 Bb7 14. Rf3 h6 15. Qh4 Ke7 16. Nc4 Qc7 17. Ra3 Raf8 18. Rf1 Rb8 19. Rb3 Bc8 20. g4 Bb7 21. Bf3 Rbf8 22. Nd1 b5 23. axb5 axb5 24. Rxb5 Ba6 25. Nc3 Rb8 26. Rxb8 Rxb8 27. b3 Bxc4 28. bxc4 Rb4 29. Be2 Qa5 30. Qe1 Rb2 31. Bd1 Qb4 32. h4 Qxc4 33. g5 hxg5 34. hxg5 Ne8 35. Rf2 Qd4 36. Kg2 Rb4 37. Bf3 c4 38. Na2 Rb2 39. Nb4 Rxb4 40. Qxb4 Nc5 41. Qd2 Qb2 42. Kh2 c3 43. Qe2 Qc1 44. Rg2 Qf4+ 45. Kh3 Nc7 46. Rg4 Qc1 47. Qf2 Kd8 48. Rg1 Qf4 49. Qg3 Qd2 50. Rg2 Qc1 51. Kh2 Nb5 52. Be2 Nd4 53. Qxc3 Qf4+ 54. Kh3 Nxe2 55. Rxe2 Qf1+ 56. Rg2 Qh1+ 57. Rh2 Qf1+ 58. Rg2 Qh1+ 59. Rh2 1/2-1/2

[Event "Stara Pazova"]
[Site "Stara Pazova"]
[Date "1988.??.??"]
[Round "7"]
[White "Doljanin, Tomislav"]
[Black "Kosanovic, Goran A"]
[Result "0-1"]
[WhiteElo "2255"]
[BlackElo "2395"]
[PlyCount "68"]
[EventDate "1988.10.??"]
[EventType "tourn"]
[EventRounds "13"]
[EventCountry "YUG"]
[EventCategory "9"]
[SourceTitle "EXT 1997"]
[Source "ChessBase"]
[SourceDate "1996.11.15"]
[SourceVersion "1"]
[SourceVersionDate "1996.11.15"]
[SourceQuality "1"]

1. d4 e6 2. e4 d5 3. Nc3 Nf6 4. Bg5 Be7 5. Bxf6 Bxf6 6. Nf3 0-0 7. e5 Be7 8. h4 c5 9. dxc5 Bxc5 10. Bd3 f5 11. 0-0 Nc6 12. a3 Bd7 13. b4 Bb6 14. Re1 Be8 15. Ne2 Bh5 16. Nf4 Bxf3 17. Qxf3 Nd4 18. Qh5 Rc8 19. Ra2 Qe7 20. g3 Rc3 21. Kg2 Rfc8 22. Qd1 g6 23. Nh3 Qc7 24. Nf4 Qc6 25. a4 a6 26. b5 axb5 27. axb5 Nxb5 28. Bxb5 Qxb5 29. Nxe6 Bxf2 30. Kxf2 Qb6+ 31. Nd4 R8c4 32. Kg2 Rxd4 33. Qc1 Rg4 34. Kh1 Qf2 0-1

[Event "YUG-Cup 30th"]
[Site "Pula"]
[Date "1987.05.21"]
[Round "4.4"]
[White "Doljanin, Tomislav"]
[Black "Zelic, Zdravko"]
[Result "0-1"]
[WhiteElo "2330"]
[BlackElo "2405"]
[PlyCount "116"]
[EventDate "1987.05.18"]
[EventType "team-swiss"]
[EventRounds "5"]
[EventCountry "YUG"]
[SourceTitle "EXT 2018"]
[Source "ChessBase"]
[SourceDate "2017.10.13"]
[SourceVersion "1"]
[SourceVersionDate "2017.10.13"]
[SourceQuality "1"]
[WhiteTeam "Stara Pazova Jedinstvo"]
[BlackTeam "Bugojno Iskra"]
[WhiteTeamCountry "YUG"]
[BlackTeamCountry "YUG"]

1. d4 Nf6 2. Nf3 e6 3. Bg5 c5 4. e3 d5 5. c3 Be7 6. Nbd2 0-0 7. Bd3 Nbd7 8. Qe2 Qc7 9. h3 h6 10. Bf4 Bd6 11. Bxd6 Qxd6 12. g4 e5 13. dxe5 Nxe5 14. Nxe5 Qxe5 15. Nf3 Qe7 16. 0-0-0 Ne4 17. Bc2 Be6 18. Rdg1 Bd7 19. g5 hxg5 20. Nxg5 Nxg5 21. Qh5 Ne4 22. f3 f5 23. fxe4 Be8 24. Qg5 Qxg5 25. Rxg5 dxe4 26. Bb3+ Kh7 27. Rhg1 g6 28. Bd5 Rb8 29. h4 b5 30. h5 Rb6 31. hxg6+ Rxg6 32. Rh1+ Kg7 33. Rgh5 a6 34. Rh7+ Kf6 35. Rc7 Rg3 36. Re1 Rh8 37. Rc8 Rgh3 38. b3 Rh1 39. Rxh1 Rxh1+ 40. Kb2 Bd7 41. Rc7 Be8 42. Rc8 Ke7 43. Rxc5 Re1 44. Bb7 Kf6 45. Bc8 Bg6 46. Bxa6 Rxe3 47. Bxb5 f4 48. a4 f3 49. a5 Re2+ 50. Ka3 Re1 51. Rc6+ Kg5 52. Rc5+ Kf4 53. a6 e3 54. Kb4 Rh1 55. a7 Rh8 56. Rc4+ Kg3 57. Bd7 e2 58. Bc8 Be4 0-1

[Event "Bakic Memorial"]
[Site "Stara Pazova"]
[Date "1982.10.02"]
[Round "15"]
[White "Padevsky, Nikola Bochev"]
[Black "Doljanin, Tomislav"]
[Result "1-0"]
[WhiteElo "2435"]
[BlackElo "2270"]
[PlyCount "63"]
[EventDate "1982.09.18"]
[EventType "tourn"]
[EventRounds "15"]
[EventCountry "YUG"]
[EventCategory "5"]
[SourceTitle "EXT 2012"]
[Source "ChessBase"]
[SourceDate "2011.11.24"]
[SourceVersion "1"]
[SourceVersionDate "2011.11.24"]
[SourceQuality "1"]

1. e4 e6 2. d4 d5 3. Nc3 Bb4 4. e5 Qd7 5. a3 Bxc3+ 6. bxc3 b6 7. a4 Ba6 8. Bxa6 Nxa6 9. Qd3 Nb8 10. Nf3 Nc6 11. 0-0 Nge7 12. c4 dxc4 13. Qxc4 0-0 14. Qd3 Nb4 15. Qb3 a5 16. Ba3 Rfd8 17. Rfd1 Ra7 18. Rd2 Ng6 19. c3 Nc6 20. c4 Nce7 21. Rad1 Raa8 22. Bxe7 Qxe7 23. d5 Qd7 24. h4 h6 25. h5 Nf8 26. d6 Rac8 27. Nd4 cxd6 28. Nb5 d5 29. cxd5 exd5 30. Rxd5 Qe7 31. Nd6 Rb8 32. f4 1-0

[Event "Bakic Memorial"]
[Site "Stara Pazova"]
[Date "1982.09.23"]
[Round "6"]
[White "Doljanin, Tomislav"]
[Black "Kosanovic, Goran A"]
[Result "1-0"]
[WhiteElo "2270"]
[BlackElo "2200"]
[PlyCount "75"]
[EventDate "1982.09.18"]
[EventType "tourn"]
[EventRounds "15"]
[EventCountry "YUG"]
[EventCategory "5"]
[SourceTitle "EXT 2012"]
[Source "ChessBase"]
[SourceDate "2011.11.24"]
[SourceVersion "1"]
[SourceVersionDate "2011.11.24"]
[SourceQuality "1"]

1. d4 Nf6 2. Nf3 d5 3. Bf4 e6 4. e3 Be7 5. Bd3 c5 6. c3 Nc6 7. Nbd2 Nh5 8. Be5 Nxe5 9. Nxe5 Nf6 10. f4 c4 11. Bc2 0-0 12. 0-0 Nd7 13. e4 g6 14. Qe2 f6 15. Nef3 Nb6 16. Rae1 Rf7 17. g3 Bd7 18. Nh4 Rc8 19. f5 exf5 20. exf5 g5 21. Ng2 Bd6 22. Ne3 Re7 23. Qf3 Bc6 24. Ng4 Qf8 25. Re6 Rf7 26. Qe3 Kh8 27. Qf2 Re8 28. Rxe8 Bxe8 29. Re1 Re7 30. Re6 Rxe6 31. fxe6 f5 32. Ne3 Qf6 33. Bxf5 Bg6 34. g4 Bf4 35. Ndf1 Bxf5 36. gxf5 Kg7 37. Ng3 Bxg3 38. hxg3 1-0